Click-A-Murray Quiz Stats

Quiz Updated Aug 18, 2017

Also try: Click-A-Hanks
Challenge
Share
Tweet
Score 0/20 Timer 05:00
90 Plays Today
% Correct
Garfield
97.2%
Dr. Peter Venkman
96.5%
Baloo
94%
Phil Connors
93.4%
Bill Murray
92.2%
Bill Murray
91.9%
Carl Spackler
89.8%
Clive Badger
87.6%
Steve Zissou
84.6%
Ernie McCracken
84%
% Correct
M. Ivan
83.2%
John Winger
81%
Franklin D. Roosevelt
78.8%
Bunny Breckinridge
72.4%
Bob Harris
71.9%
Raleigh St. Clair
62.1%
Hunter S. Thompson
61.8%
Herman Blume
61.1%
Tommy Crickshore
59.4%
Bill Murray
47.3%

You're not logged in!

Compare scores with friends on all Sporcle quizzes.
Sign Up with Email
OR
Log In

You Might Also Like...

Show Comments

Extras

Top Quizzes Today


Score Distribution

Your Account Isn't Verified!

In order to create a playlist on Sporcle, you need to verify the email address you used during registration. Go to your Sporcle Settings to finish the process.